000 00493nam a2200145Ia 4500
008 140724s9999 xx 000 0 und d
050 _aT 58.4
_b.C957 2014
100 _aCruz, Isaiah Gabriel G.
245 4 _aThe payroll system of Kumon Alabang Town Center /
_cIsaiah Gabriel G. Cruz.
260 _aLas PiƱas, Philippines :
_bSouthville International School and Colleges,
_cc2014.
300 _a59 p. :
_bill. ;
_c28 cm.
521 _aInformation Technology
942 _cTH
999 _c229329
_d229329